[Event "WchT (Women) 3rd"]
[Site "Mardin"]
[Date "2011.12.19"]
[Round "2"]
[White "Ushenina, Anna"]
[Black "Kosintseva, Nadezhda"]
[Result "1/2-1/2"]
[WhiteElo "2463"]
[BlackElo "2546"]
[Annotator "Mikhalchishin,A"]
[PlyCount "93"]
[EventDate "2011.12.18"]
[EventType "team-tourn"]
[EventRounds "9"]
[EventCountry "TUR"]
[SourceTitle "CBM 145 Extra"]
[Source "ChessBase"]
[SourceDate "2012.01.03"]
[SourceVersion "1"]
[SourceVersionDate "2012.01.03"]
[SourceQuality "1"]
[WhiteTeam "Ukraine (W)"]
[BlackTeam "Russia (W)"]
[WhiteTeamCountry "UKR"]
[BlackTeamCountry "RUS"]

1. d4 Nf6 2. c4 e6 3. g3 d5 4. Nf3 dxc4 5. Bg2 a6 6. O-O Nc6 7. Nc3 ({Here
White generally prefers to play with a more solid centre:} 7. e3 Bd7 8. Qe2 b5
({We cannot call} 8... Bd6 {the correct way:} 9. Rd1 O-O 10. Qxc4 Qe7 11. Qe2
e5 12. dxe5 Nxe5 13. Nxe5 Bxe5 14. Bxb7 Rad8 15. Na3 c6 16. Nc4 Bg4 17. f3
Rxd1+ 18. Qxd1 Rd8 19. Qe2 Bh3 20. Bxa6 Nh5 21. Nxe5 Qxe5 22. Kf2 {Bacrot,E 
(2714)-Sulskis,S (2577)/Porto Carras 2011. Black had dubious compensation for
the pawns, but managed to save the game.}) 9. Rd1 (9. b3 cxb3 10. axb3 Be7 11.
Bb2 O-O 12. Rc1 Nb4 13. Ne5 Rb8 14. Nd2 Rb6 15. Ndf3 Bc8 16. Ne1 Nd7 17. N5d3
Nxd3 18. Nxd3 Bd6 19. e4 Bb7 20. Nc5 {Tomashevsky,E (2707)-Zhao,Z (2570)/
Khanty-Mansiysk RUS 2011. In such positions White always has real compensation
for the sacrificed pawn.}) 9... Rb8 (9... Bd6 10. b3 cxb3 11. axb3 O-O 12. Bb2
Qe7 13. Ne5 Bxe5 14. dxe5 Nd5 15. Nd2 Ncb4 16. Ne4 Bc6 17. Nf6+ Kh8 18. Rd4
gxf6 19. exf6 Qc5 20. Rc1 {Zontakh,A (2566)-Potkin,V (2684)/Warsaw POL 2011.
The black squares are too weak!}) 10. e4 Be7 11. d5 exd5 12. e5 ({The correct
idea was to maintain equality with} 12. exd5 Nb4 13. Ne5 O-O 14. a3 Nd3 15.
Nxd3 Bg4 16. Bf3 Bxf3 17. Qxf3 cxd3 18. Nc3) 12... Ne4 13. Rxd5 Nc5 14. Be3 Nd3
15. Bh3 Bxh3 16. Rxd8+ Rxd8 17. Ng5 Bxg5 18. Bxg5 Rd5 19. Qe4 Ndb4 20. Nd2 Rxe5
21. Qh4 Be6 22. Nf3 Rd5 23. Bd2 Nc2 24. Rd1 N6d4 25. Qe4 f5 {0-1 Koneru
Humpy-Zhu Chen/Nalchik 2010}) 7... Rb8 8. e4 Be7 9. Qe2 b5 10. Rd1 O-O 11. d5
exd5 12. e5 d4 13. exf6 Bxf6 14. Ng5 {A novelty and probably an unintentional
one!} ({The main move here was} 14. Qe4 Bb7 15. Nd5 Nb4 16. Nxf6+ Qxf6 17. Qf4
c5 18. Qxf6 gxf6 19. Bf4 Rbc8 (19... Rbd8 20. Bc7 Rc8 21. Ba5 Nd3 22. Rab1 {
1/2 Yilmaz,M (2505)-Alavi,S (2422)/Ankara TUR 2011}) 20. Bd6 Rfd8 21. Be7 Re8
22. Bxf6 Nd3 (22... Be4 23. g4 h6 24. h4 Nd5 25. g5 Nxf6 26. gxf6 Rcd8 {
Laznicka,V (2690)-Moradiabadi,E (2578). Black has full compensation for the
piece.}) 23. Rd2 Rc6 24. Bxd4 (24. Ng5 Rxf6 25. Bxb7 h6 26. Ne4 Rfe6 27. f3 f5
28. Nf2 Re2) 24... cxd4 25. Nxd4 Rb6 26. Bf1 Be4 27. f3 Bg6 28. Bxd3 Bxd3 29.
Kf2 Rd6 {Caruana,F (2675)-Cheparinov,I (2640)/Villafranca 2010. Black is just
slightly better.}) ({It is necessary to check one more idea:} 14. Ne4 Bg4 (
14... Be7 $2) 15. h3 (15. Nxf6+ Qxf6 16. Qe4) 15... Bxf3 (15... d3 $1) 16.
Nxf6+ Qxf6 17. Qxf3 Qxf3 18. Bxf3 Nb4 19. Bf4 Nd3 20. Bxc7 Rbc8 21. Ba5 Rfe8
22. Bb7 {Stephan,V (2280)-Loiseau,Q (2142)/Caen FRA 2011. White is close to
winning.}) 14... Bxg5 (14... Nb4 {can be checked in practice in the future.})
15. Bxc6 d3 16. Qf3 ({Centralisation was a more solid option:} 16. Qe5 Bf6 17.
Qe4) 16... Be6 ({It was more interesting to plan a transfer of the rook, as
the bishop is not badly placed on c8:} 16... Rb6) 17. Be3 $2 ({Such structures
have to be attacked as soon as possible:} 17. a4) 17... Bxe3 18. Qxe3 Qf6 $6 (
18... Qd6 {was correct and then she could put the rook on e8.}) 19. Rd2 Rfd8
20. Ne4 Qe5 21. f4 Qf5 ({The endgame could be very unpleasant for Black:} 21...
Qd4 22. Qxd4 Rxd4 23. Nc5 Rd6 24. Bg2) 22. Nc5 Bd5 ({Once more it is necessary
to avoid the endgame:} 22... Qf6 23. Nxe6 Qxe6 24. Qxe6 fxe6 25. Kf2) 23. Bxd5
Qxd5 24. Nxa6 Rbc8 25. Nc5 $2 {Wrong idea.} ({It was necessary to continue
trying to obtain an endgame:} 25. Qc5 Qe6 26. Nb4 Qd6 27. Qxd6 Rxd6 28. a3 {
with clearly better chances.}) 25... Re8 {Now the black rooks come out of the
shadows!} 26. Qf2 Re7 $1 {The target is clear - the square e2!} 27. b3 $2 ({
The best chance was to destroy the black centre with the sacrifice} 27. Rad1
Rce8 28. Nxd3 cxd3 29. Rxd3 Qxa2 30. Qc5) 27... Rce8 28. bxc4 bxc4 29. Rb1 h6 (
29... h5 {is always better as it has attacking potential.}) 30. Na4 Qa5 31. Nb2
(31. Nc5 c3 $1 32. Rxd3 Re2 33. Rd8 Rxf2 34. Rxe8+ Kh7 35. Nd7 g5 36. Nf6+ Kg6
{winning.}) 31... c3 (31... Re2 {is even stronger!}) 32. Rxd3 cxb2 $2 ({Both} 
32... Qxa2 33. Qf1 Qxb1 34. Qxb1 Re1+) ({and} 32... Re2 33. Rd8 Rxd8 34. Qxe2
Qxa2 {would win on the spot.}) 33. Rxb2 Re1+ 34. Kg2 Qa8+ 35. Kh3 ({There was
the slightly better} 35. Qf3 {which could give real chances for a draw:} R1e2+
36. Rxe2 Rxe2+ 37. Kf1 Qxf3+ 38. Rxf3 Rxa2 39. Rc3 {and looks as if it holds.})
35... Qe4 36. Rdd2 $2 {A big mistake in time trouble.} (36. Rbd2 $1 Qf5+ 37.
Kg2 c5 38. Rd8 {would offer much better chances to escape.}) 36... Qf5+ 37. Kg2
Qe4+ 38. Kh3 Re3 $1 39. Rdc2 $6 (39. Rb3 Rxb3 40. axb3 Qe6+ 41. Kg2 Qxb3 42.
Qf3 {would allow White to transfer to some sort of rook endgame with a lot of
drawing chances.}) 39... Qf5+ 40. Kg2 Qd5+ 41. Kh3 c5 {Does't spoil anything,
but} (41... Qf5+ 42. Kg2 Qe4+ 43. Kh3 g5 $1 44. f5 h5 $1 {was just winning.
White has no moves.}) 42. Qf1 h5 $6 ({It was clear, that the simplest is to
open the white king} 42... g5 $1) 43. f5 Rf3 $2 {Overlooking a very simple
piece of tactics.} 44. Rxc5 $1 Qe4 {Accepting the fact the victory has gone...}
(44... Rxg3+ 45. hxg3 Qxc5 {still would promise some chances as the white king
is not safe.}) 45. Qc4 Qxc4 46. Rxc4 Rxf5 47. a4 1/2-1/2

[Event "EU-ch (Women) 20th"]
[Site "Antalya"]
[Date "2019.04.13"]
[Round "3"]
[White "Pogonina, Natalija"]
[Black "Beydullayeva, Govhar"]
[Result "1-0"]
[WhiteElo "2455"]
[BlackElo "2316"]
[Annotator "Mikhalchishin,A"]
[PlyCount "57"]
[EventDate "2019.04.11"]
[EventType "swiss"]
[EventRounds "11"]
[EventCountry "TUR"]
[SourceTitle "CBM 190"]
[Source "ChessBase"]
[SourceDate "2019.06.30"]
[SourceVersion "1"]
[SourceVersionDate "2019.06.30"]
[SourceQuality "1"]

1. d4 Nf6 2. c4 e6 3. g3 d5 4. Bg2 dxc4 5. Nf3 c5 6. O-O Nc6 7. Qa4 Bd7 8. Qxc4
b5 9. Qd3 c4 10. Qc2 Be7 11. e4 O-O 12. Qe2 (12. Rd1 Rc8 13. Qe2 Re8 14. Ne5 h6
15. a4 a6 16. Be3 Qc7 17. axb5 axb5 18. Nxd7 Qxd7 19. Nc3 Nb4 20. d5 (20. Bh3
$142 Nd3 21. d5) 20... Nd3 21. Ra7 Rc7 22. dxe6 fxe6 23. Rxc7 Qxc7 24. Nxb5 Qb7
25. b3 $1 {Black is in trouble, Can,E (2599)-Zhang,Z (2414) Qinhuangdao CHN
2019}) 12... Qb6 13. Rd1 Rfe8 14. Be3 ({More challenging was the central attack
} 14. b3 Rac8 15. bxc4 bxc4 16. Nc3 Bb4 17. Bb2 e5 18. dxe5 Nxe5 19. Nxe5 Rxe5
20. Qc2 (20. Nd5 $2 Rxd5 21. exd5 c3 $19) 20... Bc5) 14... Na5 (14... Ng4 15.
d5 (15. Bf4 Rad8 16. e5 f6 17. exf6 (17. Nc3) 17... Nxf6 18. Nc3 Bc8 19. a4 b4
20. Ne4 Nd5 {with balanced play, Wen,Y (2545)-Xiu,D (2508) Ningbo 2011}) 15...
Nxe3 16. dxc6 Nxd1 17. cxd7 Nxf2 $3 18. dxe8=Q+ Rxe8 19. Nc3 Ng4+ 20. Kf1 $2 (
20. Kh1 Nf2+ $11) 20... Ne3+ 21. Ke1 Rd8 {with a terrific attack.}) 15. Ne5
Red8 16. Nxd7 Rxd7 17. Nc3 b4 {[#]} 18. d5 $1 Qa6 (18... Qc7 19. Nb5 Qb8 20.
dxe6 Rxd1+ 21. Rxd1 Qxb5 22. e5 Qxe5 23. exf7+ Kxf7 24. Bxa8) 19. dxe6 Rxd1+
20. Rxd1 bxc3 (20... Qxe6 21. e5 Qxe5 22. Bxa8 bxc3 23. bxc3 Qxc3 24. Bd4 Qb4
25. Bxf6 gxf6 26. Qg4+ Kf8 27. Qh5 {with a decisive attack.}) 21. exf7+ Kxf7
22. e5 Rd8 23. exf6 Rxd1+ 24. Qxd1 Qxf6 25. bxc3 Qxc3 26. Qd5+ Ke8 27. Qb5+ Kf7
28. Bd5+ Kf6 29. Qa6+ 1-0

[Event "Hangzhou (Women) 1st"]
[Site "Hangzhou"]
[Date "2011.07.16"]
[Round "3"]
[White "Ju, Wenjun"]
[Black "Zatonskih, Anna"]
[Result "1-0"]
[WhiteElo "2515"]
[BlackElo "2522"]
[Annotator "Mikhalchishin,A"]
[PlyCount "81"]
[EventDate "2011.07.14"]
[EventType "tourn"]
[EventRounds "9"]
[EventCountry "CHN"]
[EventCategory "11"]
[SourceTitle "CBM 144"]
[Source "ChessBase"]
[SourceDate "2011.09.16"]
[SourceVersion "1"]
[SourceVersionDate "2011.09.16"]
[SourceQuality "1"]

1. d4 d5 2. c4 e6 3. Nf3 Nf6 4. g3 dxc4 5. Bg2 Bb4+ 6. Bd2 c5 ({Here a more
common defence is the natural} 6... a5) 7. Bxb4 {This exchange is a very
principled move; typical Catalan positions arise after the exchange on c5.} (7.
dxc5 Bxc5 8. Qa4+ Nbd7 9. O-O O-O 10. Qxc4 b5 11. Qh4 Bb7 12. Nc3 Be7 13. Ng5
Bxg2 14. Kxg2 Rc8 15. Rfd1 Rc4 16. Qh3 Qb6 17. Kg1 b4 18. Na4 Qc6 19. b3 Rc2
20. Qh4 h6 {1-0 Mikhalevski,V (2577)-Rotstein,A (2547,/Longeville-les-Metz
2011 (32). Black will refute White's attack easily.}) (7. O-O O-O 8. dxc5 Bxc5
9. Qc2 Nbd7 10. Nc3 a6 11. Bf4 Qe7 12. Nd2 Nb6 13. Bg5 h6 14. Bxf6 Qxf6 15.
Nce4 Qe7 16. Nxc4 Bd7 17. Nxb6 Bxb6 18. Qb3 Ba5 19. Rfc1 Bc6 20. Nc5 Bxg2 21.
Kxg2 Rac8 22. Nd3 b5 23. Rxc8 Rxc8 24. a4 Qb7+ 25. f3 Bd8 $11 {Melkumyan,H 
(2593)-Grachev,B (2675)/,Aix-les-Bains 2011}) (7. Qc1 O-O 8. O-O b5 9. a4 bxa4
10. dxc5 Bxc5 11. Ng5 Nd5 12. e4 Nb6 13. e5 h6 14. Bxa8 Nxa8 15. Ne4 Bd4 16.
Bc3 Nc6 17. Qf4 Nxe5 {Ramirez,A (2594)-Robson,R (2522)/Richardson USA. With
tremendous compensation for the exchange.}) 7... cxb4 8. Ne5 O-O 9. Nxc4 Nc6
10. e3 e5 ({Of course, central counterplay looks very logical, as other moves
are not so principled.} 10... a5 11. Nbd2 (11. a3 $5) 11... a4 12. O-O Ra6 {
/\ b5} 13. Nf3 Bd7 14. Qe2 (14. Qd2 {>=} Qe7 15. Nfe5 {/\ Rfc1, Nd7+/-}) 14...
Qe7 15. Rfc1 (15. Nfe5 $5) 15... Na7 $1 16. Nfe5 Bb5 17. Nd3 Nc6 18. Qe1 Nd5
19. Nc5 Ra7 $14 20. Bf1 (20. a3 $6 Bxc4 21. Rxc4 b6 22. Nd3 Na5 23. Bxd5 Nxc4
24. Bxc4 Rc8 $132) 20... a3 $5 21. bxa3 Bxc4 22. Bxc4 Rxa3 23. Bxd5 exd5 24.
Qf1 {/\ Qb5|^<<} (24. Qd2 Rfa8) 24... b6 (24... Rfa8 25. Qb5 Rxa2 26. Rxa2 Rxa2
27. Nxb7 Qf6 28. Rf1 $16 {>< d5, b4}) 25. Nd3 (25. Nb3 $5 Qd6 (25... Na5 26.
Qb5 $16) 26. Rc2 {/\ Rac1, Qb5+/=}) 25... Qd6 26. Rab1 (26. Rc2 Rfa8 27. Rac1
Ne7) 26... Rfa8 27. Rc2 g6 (27... Rxa2 28. Rxc6 $1 $14) 28. Qe2 R8a4 29. Nf4 (
29. Rbc1 {>=}) 29... Rc3 $1 30. Rbc1 (30. Rxc3 bxc3 31. Rxb6 Rc4 $44) 30...
Raa3 31. Qb5 {Beliavsky,A (2645)-Ljubojevic,L (2610),Belfort 1988. Black's
weaknesses are very vulnerable.}) (10... Qe7 11. Nbd2 Bd7 12. O-O Rfd8 13. Nf3
Rac8 14. Qe2 Ne8 15. Nfe5 Nxe5 16. Nxe5 Nd6 17. Rfc1 Bb5 18. Qe1 a5 19. Rxc8
Rxc8 20. Rc1 Rc7 21. Bf1 Bxf1 22. Kxf1 Qd8 23. Nd3 Qc8 {Bareev,E-Balashov,USSR
(ch) 1986. Black can hold this slightly worse endgame.}) ({Worth trying is the
simple} 10... Nd5 11. O-O b5 12. Ncd2 a5) 11. d5 ({Another principled option
is the transition to the endgame} 11. dxe5 Qxd1+ 12. Kxd1 Ng4 13. Ke2 $6 ({
Interesting chances result from the direct exchange} 13. Bxc6 bxc6 14. Ke1 Be6
15. Nbd2) 13... Ngxe5 14. Nbd2 Bg4+ 15. f3 Bf5 16. e4 ({Other option is
probably better, as White would have no problems} 16. Nxe5 Nxe5 17. f4 Bd3+ 18.
Kf2 Ng4+ 19. Kf3 Nf6 20. Rac1) 16... Bd7 (16... Nd4+ {led to better chances
for White:} 17. Kf2 Nxc4 18. Nxc4 Be6 19. Nd6 Rad8 20. Nxb7 Rd7 21. Rhd1 Rc8
22. Rd2 Rxb7 23. Rxd4 Rc2+ 24. Ke3 Kf8 25. Rd2 Rxd2 26. Kxd2 Rd7+ 27. Ke3 Rc7 {
1/2 Buhmann,R (2572)-Adams,M (2723),Gibraltar 2011}) 17. Rac1 (17. f4 Nd4+ 18.
Kf2 Ng4+) 17... Rad8 18. Rhd1 f5 19. Nxe5 (19. f4 Nd4+ 20. Ke3 Ng4+ 21. Kxd4
Ba4+ 22. Kc5 Nf2 23. Nb3 Nxd1 24. Kxb4 Bc6 25. Nc5 Rfe8 26. Ne5 Ne3 {
Mikhalevski,V (2577)-Robson,R (2545),Philadelphia 2011. With a huge black
advantage.}) ({but} 19. Nd6 {looks to be correct}) 19... Nxe5 20. Rc5 Rfe8 21.
h3 Bc6 22. f4 Nd3 23. Rxf5 Nxb2 24. Rb1 Na4 25. Rxb4 Nc3+ 26. Ke3 Nd1+ 27. Ke2
Nc3+ 28. Ke3 Nd5+ 29. Rxd5 Bxd5 30. a3 Rc8 {1-0 Dzagnidze,N (2537)-Zatonskih,A
(2522)/Hangzhou 2011. White keeps chances in the endgame for a draw.}) 11... b5
({White would keep a clear advantage after the knight retreat} 11... Ne7 12. e4
Ng6 13. O-O b5 14. Ne3) 12. O-O ({After the transition into an endgame} 12.
dxc6 Qxd1+ 13. Kxd1 bxc4 14. a3 Bg4+ 15. Kc1 a5 16. Nd2 Be6 {Black would be
able to protect his own pawn structure on the queenside.}) 12... bxc4 13. dxc6
Bf5 ({Problems with the c4-pawn would face Black after} 13... Qb6 14. Qc2 Ba6
15. Rd1 Rad8 16. Nd2) 14. Qa4 Be4 ({The simple} 14... a5 {would be stronger.})
15. Rd1 Qb6 16. Nd2 Bxg2 17. Kxg2 c3 ({The pawn sacrifice for activiation of
the rook on the second rank does not promise concrete chances:} 17... Rac8 18.
Nxc4 Qxc6+ 19. Qxc6 Rxc6 20. Nxe5 Rc2 21. Nd3 Ng4 22. Kg1) 18. bxc3 Rac8 ({
Very bad developments for Black are the result of} 18... bxc3 19. Rab1 Qc5 20.
Nb3) 19. cxb4 Rxc6 {Black has sacrificed a pawn, but with simple exchanges
White steps on to the road to the full point.} 20. Rac1 Rxc1 21. Rxc1 h5 22. a3
Qe6 23. Nf3 Ne4 24. Qc6 $1 {The next exchange, now the decisive one.} Qxc6 25.
Rxc6 Rd8 26. Rc4 $1 {With this move White forces the weakening of the seventh
rank.} f5 27. Rc7 g5 28. Rxa7 g4 29. Nxe5 Rd2 30. b5 {Except for a few checks
Black has no real threats.} Rxf2+ 31. Kg1 Rb2 32. a4 Nc3 33. Nc4 Rb1+ 34. Kg2
Nd5 35. Rd7 ({Tactical solutions were possible:} 35. b6 Nxb6 36. Rb7) 35... Nf6
36. Rd2 Ne4 37. Rb2 Rc1 38. b6 Nc5 39. Nd6 Na6 40. b7 Nb8 41. Nxf5 1-0

[Event "World Women-ch k.o."]
[Site "Teheran"]
[Date "2017.02.23"]
[Round "4.2"]
[White "Ju, Wenjun"]
[Black "Tan, Zhongyi"]
[Result "0-1"]
[WhiteElo "2583"]
[BlackElo "2502"]
[Annotator "Mikhalchishin,A"]
[PlyCount "74"]
[EventDate "2017.02.11"]
[EventType "k.o."]
[EventRounds "7"]
[EventCountry "IRI"]
[SourceTitle "CBM 177"]
[Source "ChessBase"]
[SourceDate "2017.03.16"]
[SourceVersion "1"]
[SourceVersionDate "2017.03.16"]
[SourceQuality "1"]
[TimeControl "6000+1035"]
[WhiteClock "0:03:47"]
[BlackClock "0:04:23"]

1. d4 Nf6 2. c4 e6 3. g3 d5 4. Nf3 dxc4 5. Bg2 c5 6. O-O Nc6 7. Qa4 Bd7 8. Qxc4
b5 9. Qd3 c4 (9... Rc8 10. dxc5 Bxc5 {is usually considered the main position
worth serious practical investigation.}) ({but I can recommend another option:
} 9... Qb6 10. Nc3 c4 11. Qb1 b4 (11... Rd8 $142) 12. Ne4 Be7 13. Bg5 (13. Ne5
$2 Nxd4 14. Be3) 13... Nxe4 14. Qxe4 Rc8 15. Be3 Qa6 (15... O-O) 16. Rfd1 O-O
17. Ng5 (17. d5 exd5 18. Rxd5 f5 19. Qc2 Be6) 17... Bxg5 (17... f5) 18. Bxg5
Rfe8 (18... c3) 19. Qg4 Ne7 {Danielian,E (2491)-Yildiz,B (2244)/Nalchik 2010.
with complicated play.}) 10. Qd1 ({A very serious option here is} 10. Qc2 Be7 (
10... Rc8 11. e4 (11. a4 a6 12. axb5 axb5 13. Bg5 Be7 14. Rd1 O-O 15. Nc3 Qb6
16. Ne4 Nb4 17. Qc1 Nbd5) 11... Be7 12. Qe2 O-O 13. Rd1 Re8 14. Ne5 Qc7 15. Bf4
Bd6 16. Nxd7 Nxd7 17. e5 Bb4 18. a3 Ba5 19. a4 Bb6 20. Be3 {Gelfand,B (2731)
-Bacrot,E (2692)/Ashdod 2015, with a clear advantage.}) 11. b3 Rc8 12. bxc4
bxc4 13. Ba3 O-O 14. Bxe7 Qxe7 15. Nc3 Nd5 16. Rfc1 Rfd8 17. Qd2 Be8 18. Rab1
f6 19. Nxd5 exd5 20. Rb5 Bf7 21. Ne1 Rb8 22. Rc5 Qd6 {Kraemer,M (2574)-Bacrot,
E (2692)/Berlin GER 2016, with a very good position.}) 10... Rc8 ({One
possibility was} 10... Be7 11. a4 a6 12. axb5 (12. e4 $5) (12. Ne5 Rc8 13. e4
O-O 14. Be3 Be8) 12... axb5 13. Rxa8 Qxa8 14. Ne5 O-O (14... Qc8 15. Nc3 O-O
16. Nxd7 Qxd7 17. Nxb5 Rb8 18. Bxc6 Qxc6 19. Nc3 Nd5 $44) 15. Nxd7 Nxd7 16. d5
exd5 17. Qxd5 Ndb8 18. Qxb5 $18 {1-0 (47) Lukasiewicz,G (2270)-Sliwa,B (2280)
Myslenice 1988}) 11. Re1 {Not energetic enough. The correct way is to start
the attack} (11. Nc3 b4 12. Na4 (12. d5 Ne7 $5 13. dxe6 fxe6 14. Nb1 c3 $1 $132
) 12... Be7 (12... Qa5 13. a3 bxa3 14. Bd2 Qb5 15. Nc3 Qb6 16. bxa3 Nxd4 17.
Nxd4 Qxd4 18. Qc2 Qe5 {0-1 (43) Radulov,I (2405)-Inkiov,V (2475) Sofia 1991}
19. Rfd1 Be7 20. Rab1 $11) 13. Bg5 h6 {[%mdl 4]} (13... O-O 14. e3 Na5 15. Re1
Qe8 (15... h6 16. Bxf6 Bxf6 17. Qc2 Bc6 $11) 16. Nc5 Bxc5 17. Bxf6 Ba4 18. b3
cxb3 (18... gxf6 $1 19. dxc5 Bc6 $11) (18... Bb6 19. bxa4 gxf6 20. d5 Rd8 21.
Nd4 f5 $11) 19. axb3 (19. Nd2 $1 gxf6 20. dxc5 b2 21. Qg4+ Kh8 22. Rab1 $14)
19... Nxb3 {1/2 (27) Eising,J (2355)-De Wit,J (2395) Amsterdam 1984} 20. Nd2
gxf6 21. Nxb3 Bb6 22. Qg4+ Kh8 23. Qh4 $11) 14. Bxf6 Bxf6 (14... gxf6 {was
possible:} 15. Re1 Qa5 16. Nc5 Bxc5 17. dxc5 Qxc5 18. Nd2 Ke7 19. a3 a5 20. Ne4
Qe5) 15. a3 O-O {Gelfand,B (2740)-Anand,V (2780)/Zürich 2013, Black's
position is quite playable.}) 11... Be7 12. e4 O-O 13. d5 $5 {The correct
fight for the initiative.} ({It was tactically wrong to play} 13. Nc3 b4 14.
Na4 Nxd4 15. Nxd4 Bxa4) 13... exd5 (13... Nb4 {was weaker:} 14. d6 Bxd6 15. e5
Be7 16. exf6 Bxf6 17. a4 Nd3 18. axb5 Bxb5 19. Nc3 Nxe1 20. Qxe1) 14. exd5 Nb4
15. Ne5 $2 ({It was necessary to go for a long forced line} 15. d6 Bxd6 16.
Qxd6 Nc2 17. Na3 Nxa1 18. Be3 b4 19. Qxb4 Nd5 20. Qd2 Nxe3 21. fxe3 c3 22. bxc3
Bc6 23. Rxa1 Bxf3 24. Qxd8 Rfxd8 25. Bxf3 Rxc3 26. Nb5 Rxe3 {in which Black
holds easily.}) 15... Bf5 {Now Black takes over the initiative.} 16. g4 (16.
Na3 {was no better:} a6 17. Qf3 Nd3 18. Re2 Bg6) 16... Bc2 $1 17. Qf3 Be4 $1 {
Great move, but there was also the strong} (17... Bd3) 18. Rxe4 Nxe4 19. Qxe4
Bd6 $1 {Now the threats are deadly and there is an unstoppable pin on the
e-file.} 20. Bd2 ({Nothing changes after} 20. Nc3 Re8 21. f4 f6 22. Be3 fxe5
23. f5 Bc5) 20... Re8 21. f4 ({Tactics will be refuted:} 21. Nxf7 Bxh2+ 22. Kf1
(22. Kh1 Qh4 23. Qf3 Nd3) 22... Qd7 23. Qf5 Qxf5 24. gxf5 Nc2) 21... f6 ({
A more direct attack was conducted after} 21... Nd3 22. Qf3 Qb6+ 23. Be3 Bc5
24. Bxc5 Qxc5+ 25. Kf1 Qb4 26. Nc3 Qxb2) 22. Bxb4 Bxb4 23. d6 Qxd6 24. Qd5+
Qxd5 25. Bxd5+ Kf8 26. Nc6 Re1+ $1 {Very energetic play till the end.} (26...
Bc5+ {was much weaker:} 27. Kf1 Re3 28. Nc3) 27. Kf2 Rce8 28. Nxb4 R8e2+ 29.
Kf3 Rxb2 30. Nc6 ({Or} 30. a3 a5 $1 (30... Rexb1 31. Rxb1 Rxb1 32. Nc2 Rb3+ 33.
Ke2 Ke7) 31. Nc6 Rd1 32. Be4 c3) 30... c3 31. Nxc3 Rxa1 32. Ke3 (32. Nxa7 {
was more tricky:} b4 33. Ne2 (33. Ncb5 Rbxa2 $1 34. Bxa2 Rxa2 35. Ke4 b3 36.
Kd3 Rxh2) 33... Rf1+ 34. Ke3 Re1 35. Bf3 Rxa2) 32... Re1+ 33. Kf3 Rd2 34. Be4
a6 35. h4 Rc1 36. Ne2 Rc4 37. Ke3 Rxe2+ 0-1

[Event "Nova Gorica op 02nd"]
[Site "Nova Gorica"]
[Date "1997.??.??"]
[Round "7"]
[White "Wojtkiewicz, Aleksander"]
[Black "Mikhalchishin, Adrian"]
[Result "1-0"]
[WhiteElo "2565"]
[BlackElo "2515"]
[Annotator "Mikhalchishin,A"]
[PlyCount "57"]
[EventDate "1997.01.??"]
[EventType "swiss"]
[EventRounds "9"]
[EventCountry "SLO"]
[SourceTitle "CBM 056 Extra"]
[Source "ChessBase"]
[SourceDate "1997.03.01"]
[SourceVersion "1"]
[SourceVersionDate "1997.03.01"]
[SourceQuality "1"]

1. d4 d5 2. c4 e6 3. Nf3 Nf6 4. g3 dxc4 5. Bg2 Nc6 6. Qa4 Nd7 7. Qxc4 Nb6 8.
Qd3 e5 9. Bg5 f6 (9... Be7 10. Bxe7 Qxe7 11. Nxe5 Nxe5 12. dxe5 Qxe5 13. Nc3
O-O 14. O-O c6 15. Rfd1 $14) (9... Be7 10. Bxe7 Qxe7 11. Nxe5 Qb4+ 12. Qc3 Nxd4
$13) 10. Be3 exd4 (10... Nb4 11. Qb3 Qd5 12. Qd1 exd4 13. Bxd4 Nxa2 14. O-O c5
15. e4 $1 $16) 11. Nxd4 Bb4+ (11... Nb4 12. Qe4+ Be7 13. a3 N4d5 $14) 12. Nc3
Nxd4 13. Bxd4 c5 (13... O-O 14. O-O c6 15. a3 Be7 16. Rad1 $14) 14. Be3 Qxd3
15. exd3 Na4 $2 (15... Bf5 16. Bxb7 Rd8 17. Be4 Bxe4 18. dxe4 Na4 $44) 16. O-O
Nxb2 (16... Nxc3 17. bxc3 Bxc3 18. Rac1 Ba5 19. Rxc5 Bb6 20. Rc2 Be6 21. Bxb7
Rd8 22. Be4 O-O $44) 17. Nb5 $1 $16 Kd7 (17... O-O 18. a3 Ba5 19. Bd5+ Kh8 20.
Bxc5 Rd8 21. Nd6 $18) (17... Kf7 18. Nd6+ Kg6 19. a3 Ba5 20. Rab1 $16) 18. a3
Ba5 19. Bxc5 a6 (19... Bb6 20. d4 Na4 21. Rac1 $16) 20. Nd6 $1 Na4 (20... Nxd3
21. Rad1 Nxc5 22. Nxb7+ Kc7 23. Nxa5 $18) 21. d4 Kc7 22. Nc4 Bc3 23. Bd6+ Kd8
24. Rab1 Re8 25. Bxb7 Bxb7 26. Rxb7 Rc8 27. Ne3 Re6 28. Nf5 Bxd4 29. Be7+ 1-0